Globalización y desarrollo /

Tallennettuna:
Bibliografiset tiedot
Päätekijä: Moreno, Luis H.
Aineistotyyppi: Teksti
Aiheet:
Tagit: Lisää tagi
Ei tageja, Lisää ensimmäinen tagi!

MARC

LEADER 00000 a a2200000 04500
001 9386
003
040
100 |a Moreno, Luis H.  
245 |a Globalización y desarrollo /  |c Luis H. Moreno 
650 |a DESARROLLO  
650 |a LIBERALIZACION DEL INTERCAMBIO  
650 |a MODERNIZACION  
650 |a TECNOLOGIA  
650 |a SOCIEDAD CIVIL  
650 |a SOLIDARIDAD  
773 |g número 424; páginas 7-20  
999 |c 25384  |d 25384